Statistics for What city is it

Click here to take the quiz!

General Stats

  • This quiz has been taken 27 times
  • The average score is 17 of 32

Answer Stats

Answer% Correct
New York
100%
Paris
100%
Rome
100%
Washington
96%
Berlin
92%
London
92%
Madrid
88%
Amsterdam
79%
Moscow
79%
Chicago
71%
Milan
58%
Vienna
58%
Brussels
54%
Oslo
54%
Warsaw
50%
Mexico City
46%
Helsinki
42%
Manchester
42%
Monaco
38%
Dallas
33%
Lyon
33%
Tallin
33%
Vilnius
33%
Bern
29%
Brasilia
29%
Hong Kong
29%
Riga
29%
Turin
29%
Leeds
25%
Algiers
17%
Kaunas
13%
Montevideo
13%

Score Distribution

Percentile by Number Answered

Percent of People with Each Score

Your Score History

You have not taken this quiz